Fußball-Regionalliga Nord Top 5 - Statistiken

Allgemein
  • Dieses Quiz wurde 386 mal gespielt
    145 seit der letzten Aktualisierung
  • Das Durchschnittsergebnis liegt bei 12 aus 18
Antwortstatistiken
Vereine % Korrekt
Hannover 96 II
93%
VfB Oldenburg
91%
Werder Bremen II
90%
Holstein Kiel
84%
Holstein Kiel II
84%
TSV Havelse
83%
SV Meppen
80%
VfB Lübeck
80%
Hamburger SV II
78%
Kickers Emden
76%
VfL Wolfsburg II
74%
SC Weiche Flensburg 08
71%
ETSV Weiche Flensburg
69%
1. FC Phönix Lübeck
67%
SV Drochtersen/Assel
50%
FC Teutonia 05 Ottensen
31%
Goslarer SC 08
22%
1. FC Germania Egestorf/Langreder
15%
Keine übereinstimmenden Quizze gefunden
Verteilung der Resultate
Anzahl Personen mit jedem Resultat
Perzentil nach korrekt beantworteten Fragen
Ihre Resultats-Entwicklung
Sie haben dieses Quiz seit der letzten Aktualisierung nicht gespielt